|
|
|
|
| LEADER |
00000nas a2200000 i 4500 |
| 001 |
ssj0001216723 |
| 003 |
WaSeSS |
| 005 |
20200512172242.0 |
| 006 |
m d |
| 007 |
cr n |
| 008 |
080807c20049999bl br p s 0 0eng c |
| 010 |
|
|
|a 2014267037
|
| 022 |
|
|
|a 1808-2386
|l 1808-2386
|
| 035 |
|
|
|a (WaSeSS)ssj0001216723
|
| 040 |
|
|
|a SFB
|b eng
|e pn
|c SFB
|d OCLCS
|d OCLCQ
|d NTE
|d OCLCQ
|d CUS
|d OCLCF
|d DOS
|d HLS
|d OCLCQ
|d IXA
|d OCL
|d U3W
|d WaSeSS
|
| 042 |
|
|
|a pcc
|
| 043 |
|
|
|a s-bl---
|
| 050 |
|
4 |
|a HF6
|b .B785 online
|
| 130 |
0 |
|
|a Brazilian business review (English edition)
|
| 210 |
0 |
|
|a BBR, Braz. Bus. Rev.
|b (Engl. ed., Online)
|
| 222 |
|
0 |
|a BBR. Brazilian Business Review
|b (English edition. Online)
|
| 245 |
1 |
0 |
|a Brazilian business review
|h [electronic resource].
|
| 246 |
1 |
|
|a BBR
|
| 250 |
|
|
|a [English edition].
|
| 260 |
|
|
|a Vitória, ES :
|b FUCAPE Business School,
|c [2004]-
|
| 310 |
|
|
|a Bimonthly,
|b 2014-
|
| 321 |
|
|
|a Semiannual,
|b 2004-2006
|
| 321 |
|
|
|a Three times per year,
|b 2007-2010
|
| 321 |
|
|
|a Quarterly,
|b 2011-2013
|
| 362 |
1 |
|
|a Began with vol. 1, No. 1 (January to June 2004).
|
| 506 |
|
|
|a License restrictions may limit access.
|
| 524 |
|
|
|a Has supplements called Special edition.
|
| 588 |
|
|
|a Description based on: Vol. 1, No. 1 (January to June 2004); title from PDF caption (publisher website, viewed August 15, 2014).
|
| 588 |
|
|
|a Latest issue consulted: Vol. 14, No. 2 (March to April 2017) (viewed Apr. 5, 2017).
|
| 648 |
|
7 |
|a Since 1985
|2 fast
|
| 650 |
|
0 |
|a Business
|v Periodicals.
|
| 650 |
|
7 |
|a Business.
|2 fast
|0 (OCoLC)fst00842262
|
| 650 |
|
7 |
|a Economic history.
|2 fast
|0 (OCoLC)fst00901974
|
| 651 |
|
0 |
|a Brazil
|x Economic conditions
|y 1985-
|v Periodicals.
|
| 651 |
|
7 |
|a Brazil.
|2 fast
|0 (OCoLC)fst01206830
|
| 655 |
|
0 |
|a Electronic journals.
|
| 710 |
2 |
|
|a Fundação Instituto Capixaba de Pesquisas em Contabilidade, Economia e Finanças.
|
| 775 |
0 |
8 |
|i Portuguese edition:
|t Brazilian business review. Portuguese
|x 1807-734X
|w (DLC) 2014234989
|w (OCoLC)437684578
|
| 856 |
4 |
0 |
|z Full text available from Research Library: 01/01/2013 to present
|u https://search.proquest.com/publication/2032629
|